| 000 | 00492nam a2200181Ia 4500 | ||
|---|---|---|---|
| 008 | 151202s9999||||xx |||||||||||||| ||und|| | ||
| 082 | _bPNVM-22294 | ||
| 100 | _aमाडगूळकर ग.दि. | ||
| 245 | _aचैत्रबन. | ||
| 260 | _b--- | ||
| 260 | _c0 | ||
| 300 | _a0 | ||
| 600 | _aमाडगूळकर ग.दि. | ||
| 630 | _aचैत्रबन. | ||
| 700 | _aमाडगूळकर ग.दि. | ||
| 730 | _aचैत्रबन. | ||
| 942 | _cBOOK | ||
| 999 |
_c1288269 _d1288266 |
||